Manual d'accessibilitat per a les platges del litoral de la província de Barcelona / [coordinació: Servei de Salut Pública i Consum] Servei de Salut Pública i Consum]
MARC
| LEADER | 00000nam a2200000Ia 4500 | ||
|---|---|---|---|
| 001 | 16610 | ||
| 008 | 160829s2003 xx 000 0 cat d | ||
| 020 | |a 84-7794-932-8 | ||
| 080 | |a C-2-357 | ||
| 110 | |a Barcelona (Catalunya : Província). |b Servei de Salut Pública i Consum |9 8151 | ||
| 245 | |a Manual d'accessibilitat per a les platges del litoral de la província de Barcelona / [coordinació: |b Servei de Salut Pública i Consum] | ||
| 260 | |a Barcelona : |b Institut d'Edicions de la Diputació de Barcelona, |c 2003 | ||
| 300 | |a 67 p. : |b il. col. ; |c 30 cm | ||
| 490 | |a Col·lecció Salut Pública. Platges ; 2 | ||
| 590 | |a A la coberta: Diputació de Barcelona, Xarxa de Municipis, Àrea de Salut Pública i Consum. | ||
| 590 | |a inclou un CD-ROM. | ||
| 590 | |a Exemplar en castellà: R. 16961, C-1-21. | ||
| 590 | |a Annexes. | ||
| 590 | |a Bibliografia | ||
| 650 | |a Platges |x Barcelona (Província) |9 32713 | ||
| 650 | |a Supressió de barreres arquitectòniques |x Barcelona (Província) |x Manuals, guies, etc. |9 22823 | ||
| 710 | |a Barcelona (Catalunya : Província). |b Institut d'Edicions |9 53854 | ||
| 901 | |a Arxiu | ||
| 942 | |n 1 | ||
| 952 | |0 0 |1 0 |4 0 |6 C2357 |7 1 |9 42352 |a Arxiu |b Arxiu |d 2016-12-01 |l 0 |o C-2-357 |p 16610 |r 2016-12-01 00:00:00 |w 2016-12-01 |y ARXIU | ||
| 999 | |c 44830 |d 44830 | ||